Statistics for One Letter and One Number Answers #2

Click here to take the quiz!

General Stats

  • This quiz has been taken 12 times
  • The average score is 9 of 26

Answer Stats

HintAnswer% Correct
Mountain on the China-Pakistan border that is the second highest mountain in the worldK2
75%
Second half of the name of the strain of the influenza A virus linked to the 1918 flue pandemic and 2009 swine flu pandemicN1
75%
First half of the name of the strain of the influenza A virus linked to the 1918 flu pandemic and 2009 swine flu pandemicH1
75%
Internal combustion engine with two angled opposing rows of 3 pistons eachV6
50%
US Air Force plane known as the Stealth BomberB2
50%
The bottom lumbar vertebrae in the human spinal column, located just above the sacrumL5
50%
Famed US spy plane piloted by Gary Powers on a CIA mission when he was shot down over the Soviet Union in 1960.U2
50%
Highest division of US intercollegiate athletics sanctioned by the NCAAD1
38%
Brand of brown sauce known in the US as "steak sauce"A1
38%
Keyboard function key which facilitates spell check (+Alt) and thesaurus (+Shift) features in WordF7
38%
Main British motorway linking London and the south coast at SouthamptonM3
25%
Nicknamed the "Galaxy," this US Air Force plane is among the largest in the worldC5
25%
Top level Audi luxury SUVQ8
25%
Short-lived K-pop Boy Band / An entry-level BMW SUVX1
25%
Large entertainment district on the Greenwich Peninsula in London / A very important molecule for your respiratory systemO2
25%
The number for the first bill introduced in the US Senate during each session of CongressS1
25%
The Electronic Entertainment Expo, a trade event for the video game industry hosted annually by the Entertainment Software AssociationE3
25%
Rating in the US TV Parental Guidelines indicating that a program is suitable for youth age 7 and upY7
25%
Main US west coast north/south interstate highway, stretching from the Mexican boarder to the Canadian border and traveling through San Diego, Los Angeles, Sacramento, Portland and Seattle.I5
25%
From 1997 until 2014, the name of a major inter-governmental group consisting of the world's major industrialized countries and which holds a summit each year. Russia was disinvited from the group in 2014, thereby reducing the number by 1.G8
25%
Canada's most-watched current affairs and documentary television program, named for the basic questions required for information gathering: Who, What, When, Where & WhyW5
13%
Rihanna's upcoming album release / The model of Nike Mercurial football cleats worn by RonaldoR9
13%
Model of Fender Telecaster guitar designed exclusively for American guitarist John 5J5
13%
Latest model of Nikon full-frame, mirrorless, interchangeable-lens cameraZ7
13%
South Korean esports team / The highest thoracic vertebrae in the human bodyT1
13%
2007 horror movie starring Rachel Nichols as a woman trapped in a parking garage on Christmas Eve. The title refers to the level of the garage her car was parked on.P2
13%

Score Distribution

Percentile by Number Answered

Percent of People with Each Score

Your Score History

You have not taken this quiz